Escola Municipal d'Arts i Oficis de Badalona : curs de ... curs de ...
MARC
| LEADER | 00000nam a2200000Ia 4500 | ||
|---|---|---|---|
| 001 | 22104, 22105 | ||
| 008 | 160829s1923 xx 000 0 cat d | ||
| 080 | |a RF-15-48, RF-15-49 | ||
| 245 | |a Escola Municipal d'Arts i Oficis de Badalona : |b curs de ... | ||
| 260 | |a Badalona : |b Impremta Casas, |c 1923 | ||
| 300 | |a fot. ; |c 11 cm | ||
| 590 | |a Prové de 3730, exp. 1 | ||
| 650 | |a Escola Municipal d'Arts i Oficis de Badalona |9 47088 | ||
| 700 | |a Escola Municipal d'Arts i Oficis de Badalona |9 47088 | ||
| 856 | 4 | |u https://media.diba.cat/diba/fitxers/arxiu/fulletons/bib_22105_1923-1924_baixa.pdf |y Curs 1923-1924 | |
| 856 | 4 | |u https://media.diba.cat/diba/fitxers/arxiu/fulletons/bib_22104_1923-1923_baixa.pdf |y Curs 1922-1923 | |
| 856 | 4 | |u https://media.diba.cat/diba/fitxers/arxiu/fulletons/bib_22105_1923-1924_baixa.pdf |y Curs 1923-1924 | |
| 856 | 4 | |u https://media.diba.cat/diba/fitxers/arxiu/fulletons/bib_22104_1923-1923_baixa.pdf |y Curs 1922-1923 | |
| 866 | |a 1922 - 1923, 1923 - 1924 | ||
| 901 | |a Arxiu | ||
| 942 | |n 1 |2 udc | ||
| 952 | |0 0 |1 0 |4 0 |6 RF1548_RF1549 |7 1 |9 53655 |a Arxiu |b Arxiu |d 2016-12-01 |l 0 |o RF-15-48, RF-15-49 |p 22104, 22105 |r 2016-12-01 00:00:00 |w 2016-12-01 |y ARXIU | ||
| 999 | |c 57521 |d 57521 | ||
| 900 | |a bib_22104_1923-1923_baixa.pdf | ||
| 900 | |a bib_22105_1923-1924_baixa.pdf | ||